000 00374nam a22001577a 4500
003 CEME
005 20210628202108.0
008 210419b xxu||||| |||| 00| 0 eng d
040 _c.
082 _a621.381 MOR'I
100 _aMorris, Noel
_958256
245 _aIndustrial electronics
260 _aNEWDELHI
_bTATA MCGRAW HILL
_c1978
300 _a305P
942 _cBK
_2ddc
999 _c568453
_d568453